000 00381nam a2200133Ia 4500
008 220217s9999 xx 000 0 und d
245 0 _aSpecification for welding hose of rubber with woven textile reinforcement
260 _aNew Delhi
260 _c1968
_bISI
490 _aHoses subcommittee, CDC 6:3
500 _aStandard number: IS 447
650 _aRubber hose
942 _cST
999 _c73790
_d73790